|
|
|
|
| LEADER |
00000cam a2200000 7i4500 |
| 001 |
0000022291 |
| 005 |
20090506.0 |
| 008 |
090506s -usa eng |
| 020 |
|
|
|a 9780470226803 ,
|c RM60.21
|
| 040 |
|
|
|a INS
|
| 090 |
0 |
0 |
|a HG4661
|b B97 2008
|
| 100 |
1 |
|
|a Byrnes, Tracy
|
| 245 |
1 |
0 |
|a Break down your money :
|b how to get beyond the noise to profit in the markets
|c Tracy Byrnes
|
| 260 |
|
|
|a New Jersey :
|b John Wiley & Son ,
|c 2008
|
| 300 |
|
|
|a 202p. :
|b ill ;
|c 24 cm.
|
| 500 |
|
|
|a Includes index
|
| 650 |
|
0 |
|a Bonds
|
| 650 |
|
0 |
|a Investments
|
| 650 |
|
0 |
|a Portfolio management
|
| 650 |
|
0 |
|a Saving and investment
|
| 650 |
|
0 |
|a Stocks
|
| 999 |
|
|
|a 0000020827
|b BOOK
|c Open Shelf
|e Default branch
|